Music Quiz

Random Music Quiz
Score 0/76 Timer 10:00
0 Plays Today
first part of line second part of line % Correct
Just gonna stand thereAnd watch me burn
99.2%
But that's alright because I like the way it hurts
93.8%
But that's alright becauseI love The way you lie
91.3%
Just gonna stand thereAnd hear me cry
90.5%
I love the way you lieI love the way you lie
75.9%
I can't tell you what it really isI can only tell you what it feels like
71.3%
And right now there's a steel knifeIn my windpipe
69.9%
As long as the wrong feels rightIt's like I'm in flight
56.8%
I can't breatheBut I still fight While I can fight
55.8%
High of a loveDrunk from the hate
41.2%
Just gonna stand thereAnd watch me burn
31.2%
But that's alright becauseI love the way you lie
30.4%
I love the way you lieI love the way you lie
30.4%
But that's alright because I like the way it hurts
29.2%
Just gonna stand thereAnd hear me cry
29%
Where you goingI'm leaving you
27%
Just gonna stand thereAnd watch me burn
26.4%
No you ain'tCome back
25.9%
But that's alright becauseI love the way you lie
25.6%
I love the way you lieI love the way you lie
25.6%
We're running right backHere we go again
25%
But that's alright becauseI like the way it hurts
24.4%
Just gonna stand thereAnd watch me burn
24.3%
Just gonna stand thereAnd hear me cry
24.2%
But that's alright becauseI love the way you lie
23.6%
I love the way you lieI love the way you lie
23.5%
But that's alright becauseI like the way it hurts
22.4%
Just gonna stand thereAnd hear me cry
22.2%
And right before im about to drownShe resuscitates me
21.7%
She **** hates meAnd I love it, Wait
21.5%
I snap Who's that dudeI don't even know his name
20.3%
It's so insaneCause when it's going good It's going great
19.5%
I guess I don't knowmy own strength
19.4%
But when it's bad It's awfulI feel so ashamed
18.7%
I laid hands on her I'll never stoop so low again
16.7%
You ever love somebody so muchYou can barely breathe
16.4%
It's like I'm huffing paintAnd I love it the more that I suffer I suffocate
15.5%
When you're with themYou meet
13.4%
first part of line second part of line % Correct
You swore you've never hit 'emNever do nothing to hurt 'em
12.8%
Now I know we said thingsDid things
12.5%
And neither one of youEven know what hit 'em
11.7%
Got that warm fuzzy feelingYeah them chills
11.4%
Now you're in each other's faceSpewing venom
11.1%
Maybe that's what happens When atornado meets a volcano
10.8%
Maybe our relationshipIsn't as crazy as it seems
10.2%
Into the same patternsSame routine
10%
Don't you hear sincerityIn my voice when I talk
10%
It wasn't youBaby it was me
10%
But your temper's just as badAs mine is
9.7%
You don't get another chanceLife is no Nintendo game
9.7%
That we didn't meanAnd we fall back
9.6%
Out the windowGuess that's why they call it window pane
9.6%
I'm SupermanWith the wind in his bag She's Lois Lane
9.5%
So they say it's best To go your separate ways
9.4%
Used to get 'emNow you're getting **** sick Of looking at 'em
9.1%
Come inside Pick up your bagsoff the sidewalk
9%
That was yesterdayYesterday is over It's a different day
8.9%
Told you this is my faultLook me in the eyeball
8.9%
And these wordsWhen you spit 'em
8.7%
Guess that they don't know yaCause today
8.4%
Throw 'em downPin 'em
8.4%
You push Pull each other's hairScratch, claw, bit 'em
8.2%
So lost in the momentsWhen you're in 'em
8.1%
But you lied againNow you get to watch her leave
8.1%
I apologizeEven though I know it's lies
7.8%
You're just as blindedBaby please come back
7.4%
It's the rage that took overIt controls you both
7.2%
But you promised herNext time you'll show restraint
7%
All I know is I love you too muchTo walk away though
5.8%
Sound like broken recordsPlayin' over
5.8%
I'm tired of the gamesI just want her back
5.6%
Next timeThere will be no next time
5.5%
Next time I'm pissedI'll aim my fist At the dry wall
5.4%
I know I'm a liarIf she ever tries to **** leave again
5.2%
You're the same as meBut when it comes to love
4.4%
I'mma tie her to the bedAnd set the house on fire
4.1%
Remove Ads.
Support Sporcle.
Get the best of Sporcle when you Go Orange. This ad-free experience offers more features, more stats, and more fun while also helping to support Sporcle. Thank you for becoming a member.

You're not logged in!

Compare scores with friends on all Sporcle quizzes.
OR
Log In

Show Comments

Extras

Created Oct 26, 2010ReportNominate
Tags:Eminem, rihanna, Rihanna Singles

Top Quizzes Today


Score Distribution

Your Account Isn't Verified!

In order to create a playlist on Sporcle, you need to verify the email address you used during registration. Go to your Sporcle Settings to finish the process.

Report this User

Report this user for behavior that violates our Community Guidelines.

Details: